[Event "Rio Verde U1800 op"]
[Site "Rio Verde"]
[Date "2025.01.26"]
[Round "6"]
[White "De Oliveira, Wagner Alves"]
[Black "Barretella Buzaneli, Gabriel"]
[Result "1/2-1/2"]
[WhiteElo "1793"]
[BlackElo "1800"]
[PlyCount "100"]
[EventDate "2025.01.25"]
[EventType "swiss"]
[EventRounds "6"]
[EventCountry "BRA"]
[SourceTitle "CB05_2025"]
[SourceDate "2025.01.29"]
[SourceVersion "1"]
[SourceVersionDate "2025.01.29"]
[SourceQuality "1"]

1. g3 d5 2. Bg2 e5 3. d4 e4 4. e3 Nf6 5. c4 c6 6. cxd5 cxd5 7. Ne2 Bd6 8. 0-0 0-0 9. Nbc3 Be6 10. Qb3 Qd7 11. Bd2 a6 12. Rac1 Nc6 13. Na4 Rab8 14. Nc5 Bxc5 15. dxc5 d4 16. Qd1 d3 17. Nf4 Bxa2 18. b3 Nd5 19. Bxe4 Nxf4 20. exf4 Qe6 21. Bxd3 Bxb3 22. Qe2 Qxe2 23. Bxe2 Rfe8 24. Bf3 Rbd8 25. Bxc6 bxc6 26. Be3 a5 27. Rfe1 a4 28. h4 h6 29. g4 a3 30. Rc3 Rb8 31. Ra1 a2 32. Rxb3 Rxb3 33. Rxa2 Kh7 34. Kg2 Rexe3 35. fxe3 Rxe3 36. Ra6 Re6 37. Kf3 g6 38. Ra7 Kg7 39. Rd7 Kf8 40. f5 gxf5 41. gxf5 Re7 42. Rd6 Re5 43. Rxc6 Rxf5+ 44. Kg4 Rd5 45. Rc7 Ke8 46. c6 Rc5 47. h5 Kd8 48. Rxf7 Rxc6 49. Kf5 Ke8 50. Rh7 Kf8 1/2-1/2

[Event "Rio Verde U1800 op"]
[Site "Rio Verde"]
[Date "2025.01.25"]
[Round "2"]
[White "Prado Carvalho, Nilson S"]
[Black "Barretella Buzaneli, Gabriel"]
[Result "1-0"]
[WhiteElo "1775"]
[BlackElo "1800"]
[PlyCount "87"]
[EventDate "2025.01.25"]
[EventType "swiss"]
[EventRounds "6"]
[EventCountry "BRA"]
[SourceTitle "CB05_2025"]
[SourceDate "2025.01.29"]
[SourceVersion "1"]
[SourceVersionDate "2025.01.29"]
[SourceQuality "1"]

1. e4 c5 2. Nc3 d6 3. d3 Nf6 4. Nf3 Nc6 5. Be2 e6 6. 0-0 Be7 7. a3 0-0 8. Ng5 h6 9. Nf3 Qc7 10. d4 cxd4 11. Nxd4 e5 12. Ndb5 Qd7 13. Be3 a6 14. Nxd6 Bxd6 15. Nd5 Nxd5 16. exd5 Ne7 17. b4 b5 18. Bh5 Nf5 19. Qf3 Re8 20. g4 e4 21. Qxf5 Qxf5 22. gxf5 Bxf5 23. c3 Rac8 24. Bd4 Be5 25. f3 Bxd4+ 26. cxd4 e3 27. Rae1 Bh3 28. Bg4 Bxg4 29. fxg4 e2 30. Rf2 Rc2 31. d6 Rd8 32. Rfxe2 Rxe2 33. Rxe2 Kf8 34. Rd2 Rxd6 35. d5 f6 36. Kf2 Kf7 37. Ke3 Ke7 38. Kd4 Rd7 39. Re2+ Kd6 40. Re6+ Kc7 41. Kc5 Kb7 42. d6 Kc8 43. Kc6 Ra7 44. Re8# 1-0